[Event "COL-ch U18"]
[Site "Bogota"]
[Date "2008.01.27"]
[Round "7"]
[White "Bojaca Cruz, Carlos Andres"]
[Black "Torres Rodriguez, Juan Camilo"]
[Result "0-1"]
[WhiteElo "1900"]
[BlackElo "2027"]
[PlyCount "86"]
[EventDate "2008.01.24"]
[EventType "swiss"]
[EventRounds "7"]
[EventCountry "COL"]
[SourceTitle "EXT 2010"]
[Source "ChessBase"]
[SourceDate "2010.11.25"]
[SourceVersion "1"]
[SourceVersionDate "2010.11.25"]
[SourceQuality "1"]

1. d4 d5 2. c4 e6 3. Nf3 Nf6 4. e3 Nbd7 5. a3 c6 6. Nc3 Bd6 7. Bd3 0-0 8. 0-0 dxc4 9. Bxc4 c5 10. Nb5 Be7 11. dxc5 a6 12. Nbd4 Nxc5 13. b4 Nce4 14. Bb2 Qd6 15. Ne2 b5 16. Bb3 Bb7 17. Be5 Qxd1 18. Rfxd1 Bd5 19. Nfd4 Bxb3 20. Nxb3 Ng4 21. Bg3 Nxg3 22. hxg3 Ne5 23. Na5 Rac8 24. Rac1 g6 25. Nd4 Rfd8 26. Nb7 Rxc1 27. Rxc1 Rb8 28. Rc7 Bd8 29. Nxd8 Rxd8 30. Rc3 Nc4 31. a4 e5 32. axb5 Nxe3 33. fxe3 exd4 34. exd4 axb5 35. Rd3 f5 36. Kf2 Kf7 37. Ke3 Re8+ 38. Kd2 Re4 39. Kc3 Ke6 40. Kc2 Kd5 41. Rc3 Kxd4 42. Rc5 Re5 43. Rc7 Re2+ 0-1

[Event "COL-ch U18"]
[Site "Bogota"]
[Date "2008.01.26"]
[Round "4"]
[White "Bojaca Cruz, Carlos Andres"]
[Black "Pardo, Javier Andres"]
[Result "1-0"]
[WhiteElo "1900"]
[BlackElo "2101"]
[PlyCount "81"]
[EventDate "2008.01.24"]
[EventType "swiss"]
[EventRounds "7"]
[EventCountry "COL"]
[SourceTitle "EXT 2010"]
[Source "ChessBase"]
[SourceDate "2010.11.25"]
[SourceVersion "1"]
[SourceVersionDate "2010.11.25"]
[SourceQuality "1"]

1. d4 Nf6 2. c4 e6 3. Nc3 Bb4 4. Nf3 c5 5. Bd2 Nc6 6. dxc5 Bxc5 7. e3 0-0 8. a3 d5 9. Na4 Ne4 10. Nxc5 Nxc5 11. Qc2 d4 12. b4 dxe3 13. Bxe3 Nd7 14. Bd3 f5 15. 0-0 Nde5 16. Nxe5 Nxe5 17. Rad1 Qc7 18. Be2 Bd7 19. Bc5 Ng4 20. Bxg4 fxg4 21. Bxf8 Rxf8 22. Qe4 e5 23. Qd5+ Rf7 24. Rfe1 Qb6 25. c5 Qf6 26. Rd2 Qf4 27. Rxe5 Qf6 28. Rde2 h6 29. Re7 Bb5 30. Qxf7+ Qxf7 31. Rxf7 Kxf7 32. Re3 h5 33. f3 gxf3 34. Rxf3+ Ke6 35. Rg3 Kf6 36. Kf2 g5 37. Re3 g4 38. Kg3 Kg5 39. Re5+ Kg6 40. Kh4 Bc6 41. g3 1-0